MARC

LEADER 00000nam0a2200000 4500
001 365225
005 20231102011750.0
035 |a (RuTPU)RU\TPU\retro\22588 
090 |a 365225 
100 |a 20211220d1981 km y0rusy50 ca 
101 1 |a rus  |c eng 
102 |a RU 
105 |a a z 001zy 
200 1 |a Галактики. Строение и эволюция  |e пер. с англ.  |f Р. Дж. Тейлер  |g пер. А. В. Засова 
210 |a Москва  |c Мир  |d 1981 
215 |a 224 с.  |c ил. 
320 |a Библиогр.: с. 218-219 
606 1 |a Галактики  |x Происхождение  |2 stltpush  |3 (RuTPU)RU\TPU\subj\5442  |9 33519 
610 1 |a строение 
610 1 |a эволюция 
610 1 |a астрофизические исследования 
610 1 |a открытие 
610 1 |a наблюдение 
610 1 |a свойства 
610 1 |a звездная динамика 
610 1 |a массы 
610 1 |a химическая эволюция 
610 1 |a Вселенная 
675 |a 524.6  |v 4 
700 1 |a Тейлер  |b Р. Дж. 
702 1 |a Засова  |b А. В.  |4 730 
801 1 |a RU  |b 63413507  |c 20211220 
942 |c BK